[Event "Valby K41 op 0910"]
[Site "Valby"]
[Date "2010.01.26"]
[Round "6"]
[White "Krogh, Soren"]
[Black "Olsen, Kim"]
[Result "0-1"]
[WhiteElo "1183"]
[BlackElo "1524"]
[PlyCount "92"]
[EventDate "2009.11.03"]
[EventType "swiss"]
[EventRounds "9"]
[EventCountry "DEN"]
[SourceTitle "EXT 2018"]
[Source "ChessBase"]
[SourceDate "2017.10.13"]
[SourceVersion "1"]
[SourceVersionDate "2017.10.13"]
[SourceQuality "1"]

1. b4 d5 2. Bb2 Bf5 3. Nf3 Nd7 4. e3 a6 5. c4 c6 6. d3 Ngf6 7. Nbd2 e6 8. Qb3 Bd6 9. a4 0-0 10. Rc1 Qe7 11. c5 Bc7 12. Nh4 Rfe8 13. Ba1 Bg6 14. Qb2 Nh5 15. Ndf3 e5 16. Be2 Bxd3 17. g4 Bxe2 18. gxh5 Bxf3 19. Nxf3 Qf6 20. Ke2 Qf5 21. Rhg1 h6 22. Rg2 Nf6 23. b5 axb5 24. axb5 d4 25. Nd2 Qxh5+ 26. Kf1 Rad8 27. b6 Bb8 28. Nc4 Ng4 29. Kg1 Kf8 30. e4 Nf6 31. Re1 d3 32. Qd2 g5 33. Na5 Re7 34. Bc3 Qg6 35. f3 Nh5 36. h4 Nf4 37. Rg4 f6 38. hxg5 fxg5 39. Nc4 Rdd7 40. Ne3 Rh7 41. Ng2 Ne2+ 42. Kf1 Nxc3 43. Qxc3 Rhf7 44. Kf2 Qe6 45. Ne3 Qa2+ 46. Kf1 Rxf3+ 0-1